01328nam a2200169Ia 4500001001300000003001000013008004100023040002500064041000700089100002300096245005000119250001100169260002800180300001200208500088800220650005001108b6565-47112 IT-MiCISF161014s9999||||xx |||||||||||||| ||und|| aIT-MiCISFcIT-MiCISF ait aNovelletto Arnaldo 0aL'adolescentebUna prospettiva psicoanalitica a1a ed. a RomabAstrolabioc2009 app. 363 a / adolescenza, psicoanalisi, terapia, case-studies, giovane-adulto / Pioniere e maestro nel campo della psicoanalisi dell'adolescenza, l'A. - scomparso nel 2006 - è stato il primo in Italia a portare l'attenzione sulle profonde differenze tra infanzia e adolescenza. Questo libro testimonia l'ampiezza del suo orizzonte: la mente adolescente infatti non si esaurisce nell'arco evolutivo di qualche anno, ma è uno stato presente in tutti noi. L'A. esplora argomenti quali il Sé e la soggettivazione, l'intreccio tra diagnosi e terapia, la peculiarità dei diversi modelli teorici nell'approccio all'adolescenza. Ritroviamo alcuni dei suoi concetti più creativi: la diagnosi lunga, il valore della segretezza, la specifica condizione del giovane adulto, nonché il suo impegno costante per far entrare a pieno titolo il lavoro con l'adolescente nell'edificio psicoanalitico. a Adolescenti e giovani / età-evolutivae009